[Event "HZ Open"]
[Site "Vlissingen NED"]
[Date "2006.08.05"]
[Round "1"]
[White "Eng,A"]
[Black "Krasenkow,M"]
[Result "0-1"]
[WhiteElo "1947"]
[BlackElo "2635"]
[EventDate "2006.08.05"]

1. e4 g6 2. d4 Bg7 3. Nc3 c6 4. Be3 d5 5. e5 Qb6 6. b3 Nh6 7. Qd2 Nf5 8.
Nf3 f6 9. Bd3 Nxe3 10. Qxe3 Bg4 11. exf6 Bxf6 12. Ne5 Bxe5 13. Qxe5 O-O 14.
O-O Nd7 15. Qe3 e5 16. dxe5 Qxe3 17. fxe3 Nxe5 18. Rxf8+ Rxf8 19. Rf1 Re8
20. Kf2 g5 21. h3 Bd7 22. Ke2 h5 23. Kd2 h4 24. Ne2 Rf8 25. Rxf8+ Kxf8 26.
e4 Nxd3 27. Kxd3 dxe4+ 28. Kxe4 Kg7 29. b4 Be6 30. Nc3 Kf6 31. Kd4 Kf5 32.
a4 g4 33. hxg4+ Kxg4 34. Ne2 Bd5 35. Ke3 Bxg2 36. Kf2 h3 37. c4 Bf3 38. Ng3
h2 0-1

[Event "HZ Open"]
[Site "Vlissingen NED"]
[Date "2006.08.05"]
[Round "1"]
[White "Heine,I"]
[Black "Nijboer,F"]
[Result "0-1"]
[WhiteElo "1939"]
[BlackElo "2598"]
[EventDate "2006.08.05"]

1. e4 d6 2. d4 Nf6 3. Nc3 g6 4. f4 Bg7 5. Nf3 O-O 6. Bd3 Na6 7. e5 dxe5 8.
dxe5 Nd5 9. Nxd5 Qxd5 10. Qe2 Bf5 11. Bxf5 gxf5 12. O-O c5 13. Rd1 Qc6 14.
Be3 Rad8 15. Bf2 Nc7 16. Nh4 e6 17. c4 b6 18. Nf3 Qe4 19. Qxe4 fxe4 20. Nd2
f6 21. Bh4 Rd4 22. Nb3 fxe5 23. Nxd4 exd4 24. Rf1 Na6 25. Be7 Rf7 26. Bd6
Nb4 27. a3 Nc2 28. Rab1 d3 29. Be5 Bxe5 30. fxe5 e3 0-1

[Event "HZ Open"]
[Site "Vlissingen NED"]
[Date "2006.08.05"]
[Round "1"]
[White "Erenburg,S"]
[Black "Kuijpers,J"]
[Result "1-0"]
[WhiteElo "2585"]
[BlackElo "1930"]
[EventDate "2006.08.05"]

1. e4 b6 2. d4 Bb7 3. Bd3 e6 4. Nf3 c5 5. c3 cxd4 6. cxd4 Nf6 7. Nbd2 Nc6
8. a3 d5 9. e5 Nd7 10. Nf1 Be7 11. Ng3 O-O 12. h4 f6 13. Ng5 Qe8 14. Bxh7+
Kh8 15. Qd3 Ncxe5 16. dxe5 Nxe5 17. Qe2 Bc5 18. f4 Nc6 19. Bb1 e5 20. Ne6
Nd4 21. Nxd4 Bxd4 22. Qd3 f5 23. Nxf5 exf4+ 24. Kf1 a5 25. Qxd4 Ba6+ 26.
Bd3 Rxf5 27. Bxa6 Rxa6 28. Bxf4 Qb5+ 29. Kg1 Ra7 30. h5 Kg8 31. h6 g5 32.
Rc1 Rxf4 33. h7+ 1-0

[Event "HZ Open"]
[Site "Vlissingen NED"]
[Date "2006.08.05"]
[Round "1"]
[White "De Putter,T"]
[Black "Landa,K"]
[Result "0-1"]
[WhiteElo "2020"]
[BlackElo "2584"]
[EventDate "2006.08.05"]

1. e4 c5 2. Nf3 e6 3. d4 cxd4 4. Nxd4 a6 5. c4 Nf6 6. Nc3 Qc7 7. a3 b6 8.
Be2 Bb7 9. f3 Nc6 10. Nxc6 Bxc6 11. Be3 Bd6 12. Qd2 Bxh2 13. Bxb6 Qxb6 0-1

[Event "HZ Open"]
[Site "Vlissingen NED"]
[Date "2006.08.05"]
[Round "1"]
[White "Zegstroo,M"]
[Black "Van der Wiel,J"]
[Result "0-1"]
[WhiteElo "1879"]
[BlackElo "2508"]
[EventDate "2006.08.05"]

1. e4 c5 2. Nf3 d6 3. d4 cxd4 4. Nxd4 Nf6 5. Bd3 Nc6 6. c3 e5 7. Nb3 d5 8.
exd5 Qxd5 9. O-O Bg4 10. Be2 Qxd1 11. Bxd1 O-O-O 12. Bxg4+ Nxg4 13. h3 Nf6
14. Be3 Nd5 15. Bc5 Nf4 16. Na3 Bxc5 17. Nxc5 Rd5 18. Nb3 e4 19. Kh2 Rg5
20. g3 Nd3 21. Nc4 Rd8 22. Rab1 Nce5 23. Nxe5 Rxe5 24. Nd4 g6 25. b4 Red5
26. a3 Kb8 27. Rbd1 Ne5 28. Rc1 Nc4 29. a4 Nb2 30. a5 Nd3 31. Rb1 Rc8 32.
Rb3 f5 33. b5 Ne5 34. Kg2 Rdc5 35. Rc1 Nd3 36. Rc2 Ne1+ 0-1

[Event "HZ Open"]
[Site "Vlissingen NED"]
[Date "2006.08.05"]
[Round "1"]
[White "Henrichs,T"]
[Black "De Lange,H"]
[Result "1-0"]
[WhiteElo "2491"]
[BlackElo "1876"]
[EventDate "2006.08.05"]

1. d4 d5 2. c4 e6 3. Nc3 Nf6 4. cxd5 exd5 5. Bg5 Be7 6. e3 Nbd7 7. Bd3 b6
8. Nge2 Bb7 9. O-O O-O 10. Rc1 Rc8 11. Bf5 c6 12. Qa4 Ra8 13. Rfd1 Ne8 14.
Bxe7 Qxe7 15. Nxd5 Qd6 16. Ndf4 Ndf6 17. e4 Qe7 18. e5 Nd5 19. Nxd5 cxd5
20. f4 g6 21. Qd7 Qxd7 22. Bxd7 Ng7 23. Bc6 Rab8 24. Bxb7 Rxb7 25. Rc6 Rd8
26. Rdc1 Ne6 27. g4 Ng7 28. Kf2 Kf8 29. Ke3 Ke7 30. Ng3 Ne8 31. f5 f6 32.
Kf4 Rdd7 33. h4 Rbc7 34. exf6+ Nxf6 35. Rxc7 1-0

[Event "HZ Open"]
[Site "Vlissingen NED"]
[Date "2006.08.05"]
[Round "1"]
[White "Barua,D"]
[Black "Ziska,A"]
[Result "1-0"]
[WhiteElo "2453"]
[BlackElo "1840"]
[EventDate "2006.08.05"]

1. e4 c5 2. Nf3 Nc6 3. d4 cxd4 4. Nxd4 d6 5. c4 Nf6 6. Nc3 g6 7. Be2 Bg7 8.
Nc2 Be6 9. O-O O-O 10. Be3 h6 11. f4 Kh7 12. h3 Rc8 13. Qe1 a6 14. Rd1 b5
15. cxb5 axb5 16. Bxb5 Qa5 17. Bxc6 Rxc6 18. Nd4 Rxc3 19. Nxe6 fxe6 20.
bxc3 Nxe4 21. Bd4 d5 22. Qh4 Bf6 23. Qg4 Bxd4+ 24. cxd4 Rf6 25. Qe2 h5 26.
Rf3 h4 27. a3 Qa7 28. Qe1 Ng3 29. Rxg3 hxg3 30. Qxg3 Qa4 31. Rd2 Qc4 32.
Kh2 Kg7 33. Qe3 Kf7 34. Rf2 Qa4 35. h4 Qd1 36. Rd2 Qb1 37. g3 Qb8 38. Kg2
Rf5 39. a4 Rh5 40. a5 Rh8 41. Re2 Qd6 42. Qe5 Ra8 43. Qxd6 exd6 44. Ra2 Ra6
45. Kf3 Kf6 46. g4 e5 47. fxe5+ dxe5 48. dxe5+ Kxe5 49. Ke3 d4+ 50. Kd3 Kf4
51. Ra4 Kxg4 52. Rxd4+ Kh5 53. Ra4 g5 54. hxg5 Kxg5 55. Kc4 Kf6 56. Kb5 Ra8
57. a6 Ke7 58. a7 Kd7 59. Kb6 1-0

[Event "HZ Open"]
[Site "Vlissingen NED"]
[Date "2006.08.05"]
[Round "1"]
[White "Grooten,H"]
[Black "Laarhoven,M"]
[Result "1-0"]
[WhiteElo "2362"]
[BlackElo "1991"]
[EventDate "2006.08.05"]

1. d4 Nf6 2. c4 g6 3. Nc3 Bg7 4. e4 d6 5. Be2 e5 6. d5 Nbd7 7. Bg5 b6 8. g4
Bb7 9. h4 Qe7 10. h5 h6 11. Be3 g5 12. f3 Nh7 13. b4 a5 14. a3 O-O 15. Bd3
axb4 16. axb4 Rxa1 17. Qxa1 Ra8 18. Qb2 f6 19. Nge2 Bf8 20. Kf2 Qe8 21. Ng3
Bc8 22. Nb5 Qd8 23. Ra1 Ba6 24. Nc3 Kf7 25. Ra3 Bg7 26. Qa2 Bb7 27. Rxa8
Bxa8 28. Nb5 Qb8 29. Nxc7 Qxc7 30. Qxa8 Nhf8 31. Nf5 Nb8 32. Qb7 Qxb7 33.
Nxd6+ Ke7 34. Nxb7 Nfd7 35. c5 bxc5 36. bxc5 1-0

[Event "HZ Open"]
[Site "Vlissingen NED"]
[Date "2006.08.05"]
[Round "1"]
[White "Mentink,T"]
[Black "Van Leent,D"]
[Result "1/2-1/2"]
[WhiteElo "1782"]
[BlackElo "2262"]
[EventDate "2006.08.05"]

1. b3 d5 2. Nf3 Nf6 3. Bb2 e6 4. e3 c5 5. Be2 Be7 6. O-O O-O 7. d4 Nc6 8.
Nbd2 b6 9. Bb5 Bb7 10. Re1 a6 11. Bd3 Rc8 12. Ne5 Nb4 13. a3 Nxd3 14. cxd3
Nd7 15. Ndf3 f6 16. Nxd7 Qxd7 17. dxc5 bxc5 18. Qe2 Qb5 19. Nd2 Rfd8 20.
Rab1 a5 21. Qg4 Qd7 22. Nf3 e5 23. Qxd7 Rxd7 24. Red1 Ba6 25. Bc3 Bd8 26.
Rb2 Rb7 27. Ne1 Rcb8 28. Rdb1 d4 29. Bd2 a4 30. b4 Be7 31. exd4 exd4 32.
Bf4 Re8 33. b5 Bd8 34. Nf3 Bxb5 35. Rxb5 Rxb5 36. Rxb5 g5 37. Bd2 g4 38.
Rxc5 1/2-1/2

[Event "HZ Open"]
[Site "Vlissingen NED"]
[Date "2006.08.06"]
[Round "2"]
[White "Beuman,T"]
[Black "Gurevich,M"]
[Result "0-1"]
[WhiteElo "2175"]
[BlackElo "2643"]
[EventDate "2006.08.05"]

1. e4 d6 2. d4 g6 3. Nc3 Bg7 4. Be3 a6 5. Qd2 Nd7 6. h4 h6 7. a4 b6 8. Bc4
e6 9. Nge2 Bb7 10. Nf4 Qe7 11. f3 c6 12. d5 cxd5 13. exd5 e5 14. Nfe2 f5
15. O-O-O Ngf6 16. Rhg1 b5 17. axb5 axb5 18. Bxb5 Ra1+ 19. Nb1 Nxd5 20. h5
g5 21. c3 O-O 22. Bc4 N7f6 23. Kc2 Rc8 24. Na3 Rxa3 25. Bxd5+ Nxd5 26. bxa3
Qd7 27. Rb1 Qa4+ 28. Rb3 Nxe3+ 29. Qxe3 Bd5 30. Qb6 Kh8 31. Rd1 Bxb3+ 32.
Qxb3 Qa6 33. Ng3 e4 34. Nxf5 Rxc3+ 0-1

[Event "HZ Open"]
[Site "Vlissingen NED"]
[Date "2006.08.06"]
[Round "2"]
[White "Van Weersel,A"]
[Black "Iordachescu,V"]
[Result "0-1"]
[WhiteElo "2155"]
[BlackElo "2603"]
[EventDate "2006.08.05"]

1. e4 g6 2. c4 Bg7 3. Nc3 c5 4. f4 Nc6 5. Nf3 e6 6. d3 Nge7 7. Be3 Nd4 8.
Bxd4 cxd4 9. Nb5 O-O 10. Qd2 Nc6 11. Be2 d6 12. O-O a6 13. Na3 Bh6 14. Nc2
e5 15. g3 f5 16. Nfe1 fxe4 17. dxe4 Bh3 18. Nd3 Bxf1 19. Rxf1 Qe7 20. Bf3
exf4 21. Nxf4 Ne5 22. Bg2 d3 23. Nb4 g5 24. Nfd5 Rxf1+ 25. Bxf1 Qf7 26. Bg2
Rf8 27. h4 gxh4 28. Qxh6 Qf2+ 0-1

[Event "HZ Open"]
[Site "Vlissingen NED"]
[Date "2006.08.06"]
[Round "2"]
[White "L'Ami,E"]
[Black "Friesen,B"]
[Result "1-0"]
[WhiteElo "2586"]
[BlackElo "2146"]
[EventDate "2006.08.05"]

1. d4 d5 2. c4 e6 3. Nf3 c5 4. cxd5 exd5 5. g3 Nc6 6. Bg2 Nf6 7. O-O Be7 8.
Be3 cxd4 9. Nxd4 O-O 10. Nc3 Re8 11. Rc1 Bg4 12. Qa4 Qd7 13. Rfd1 a6 14.
Nxc6 bxc6 15. Rd2 Qb7 16. Bd4 Bf5 17. Qd1 Rad8 18. e3 Qd7 19. Qf1 a5 20. h3
Qe6 21. g4 Bg6 22. f4 Be4 23. Nxe4 Nxe4 24. Bxe4 dxe4 25. Qc4 Qh6 26. Kg2
Bb4 27. Rdd1 Qh4 28. a3 Bf8 29. Bc3 h5 30. g5 Rd5 31. Rxd5 1-0

[Event "HZ Open"]
[Site "Vlissingen NED"]
[Date "2006.08.06"]
[Round "2"]
[White "Porte,H"]
[Black "Erenburg,S"]
[Result "0-1"]
[WhiteElo "2147"]
[BlackElo "2585"]
[EventDate "2006.08.05"]

1. d4 d5 2. c4 e6 3. Nc3 c6 4. Nf3 Nf6 5. Bg5 h6 6. Bxf6 Qxf6 7. e3 Nd7 8.
cxd5 exd5 9. Bd3 Bd6 10. O-O O-O 11. Rb1 Qe7 12. Qc2 Nf6 13. Rfe1 Be6 14.
a3 a5 15. h3 Rfe8 16. Rbd1 Bc7 17. e4 dxe4 18. Nxe4 Nxe4 19. Bxe4 Qd6 20.
Bh7+ Kh8 21. Bf5 Bd5 22. Be4 Rad8 23. Bxd5 Qxd5 24. Qc5 Qb3 25. Qf5 g6 26.
Qf6+ Kg8 27. Nh4 Be5 28. Rxe5 Qxd1+ 29. Kh2 Rxe5 30. Qxd8+ Kg7 31. Qd6 Rd5
32. Qc7 Qxd4 33. Nf3 Qxb2 0-1

[Event "HZ Open"]
[Site "Vlissingen NED"]
[Date "2006.08.06"]
[Round "2"]
[White "Li Shilong"]
[Black "Stange,W"]
[Result "1-0"]
[WhiteElo "2540"]
[BlackElo "2117"]
[EventDate "2006.08.05"]

1. e4 c5 2. Nf3 e6 3. d4 cxd4 4. Nxd4 a6 5. Nc3 Qc7 6. Bd3 Nf6 7. O-O Nc6
8. Nxc6 dxc6 9. f4 Bc5+ 10. Kh1 e5 11. f5 h5 12. Qe2 Ng4 13. h3 Qe7 14. g3
Nf6 15. Bg5 Qc7 16. Kg2 Bd7 17. Na4 Ba7 18. c4 b5 19. Nc3 Bd4 20. a3 Qb6
21. Rac1 Rb8 22. b4 Bxc3 23. Rxc3 Ng8 24. Rd1 Ne7 25. f6 Ng6 26. fxg7 Rg8
27. c5 Qc7 28. Bf6 h4 29. Qh5 hxg3 30. Kxg3 Be6 31. Qh7 Ne7 32. Be2 a5 33.
Rd6 axb4 34. axb4 1-0

[Event "HZ Open"]
[Site "Vlissingen NED"]
[Date "2006.08.06"]
[Round "2"]
[White "Pex,C"]
[Black "Smeets,J"]
[Result "0-1"]
[WhiteElo "2132"]
[BlackElo "2532"]
[EventDate "2006.08.05"]

1. e4 c5 2. Nf3 d6 3. d4 cxd4 4. Nxd4 Nf6 5. Nc3 a6 6. g3 e5 7. Nb3 Be7 8.
Bg2 O-O 9. O-O b5 10. a4 bxa4 11. Rxa4 Bd7 12. Ra1 a5 13. Bg5 Bc6 14. Bxf6
Bxf6 15. Nd2 Qb6 16. Nc4 Qc5 17. Ne3 Nd7 18. Ncd5 g6 19. Ra3 Bb5 20. Re1
Bd8 21. b4 Qa7 22. Nc3 Ba6 23. b5 Qc5 24. Rb3 Bb7 25. Na4 Qc7 26. c4 Nc5
27. Nxc5 Qxc5 28. Qd3 Bb6 29. Rd1 a4 30. Rb2 Rfc8 31. Ra2 Qc7 32. Rda1 Bxe3
33. Qxe3 Qxc4 34. Qb6 Bxe4 35. Bxe4 Qxe4 36. Qxd6 Rc4 37. b6 Rb4 38. Qd1
Qc6 39. Re2 e4 40. Qe1 Rxb6 41. Rxe4 a3 42. Rc1 Qd5 43. Rd1 Qf5 44. Re8+
Rxe8 45. Qxe8+ Kg7 46. Rd8 a2 47. Kg2 g5 0-1

[Event "HZ Open"]
[Site "Vlissingen NED"]
[Date "2006.08.06"]
[Round "2"]
[White "Van der Wiel,J"]
[Black "Bodicker,R"]
[Result "1-0"]
[WhiteElo "2508"]
[BlackElo "2111"]
[EventDate "2006.08.05"]

1. e4 e6 2. d4 d5 3. Nd2 c5 4. exd5 Qxd5 5. dxc5 Bxc5 6. Ngf3 Nf6 7. Bc4
Qd6 8. Qe2 a6 9. Ne4 Nxe4 10. Qxe4 Nc6 11. Bf4 Qd8 12. Rd1 Qb6 13. O-O Ne7
14. Bc1 Ng6 15. h4 Bd7 16. Rxd7 Kxd7 17. h5 Ne7 18. Ne5+ Ke8 19. h6 g6 20.
Bb3 Rd8 21. Bg5 Bxf2+ 22. Kh2 f5 23. Qa4+ Kf8 24. Rxf2 Qxf2 25. Qb4 Re8 26.
Bxe6 1-0

[Event "HZ Open"]
[Site "Vlissingen NED"]
[Date "2006.08.06"]
[Round "2"]
[White "Zomer,K"]
[Black "Delemarre,J"]
[Result "0-1"]
[WhiteElo "2113"]
[BlackElo "2471"]
[EventDate "2006.08.05"]

1. d4 Nf6 2. Nc3 c5 3. dxc5 e6 4. e4 Nc6 5. Be3 Qa5 6. Qd2 Ng4 7. Nb5 Nxe3
8. Qxa5 Nxc2+ 9. Kd2 Nxa5 10. Kxc2 Rb8 11. Nd6+ Bxd6 12. cxd6 b6 13. Ne2
Bb7 14. Nc3 Rc8 15. f3 f6 16. Rd1 a6 17. Be2 b5 18. Kb1 Kf7 19. Rd2 Rc6 20.
Nd1 Nc4 21. Bxc4 Rxc4 22. Ne3 Rc6 23. e5 Rc5 24. f4 Be4+ 25. Ka1 Rhc8 26.
b4 Rc1+ 27. Rxc1 Rxc1+ 28. Kb2 Re1 29. Ng4 Bf5 30. Nf2 fxe5 31. g4 e4 32.
gxf5 e3 33. fxe6+ Kxe6 34. Rc2 exf2 35. Rxf2 Rd1 36. Kc2 Rxd6 37. Re2+ Kf6
38. Kc3 g6 39. Re5 Rc6+ 40. Kd3 Rd6+ 41. Kc3 Rc6+ 0-1

[Event "HZ Open"]
[Site "Vlissingen NED"]
[Date "2006.08.06"]
[Round "2"]
[White "Khmelniker,I"]
[Black "Severijnen,A"]
[Result "1-0"]
[WhiteElo "2461"]
[BlackElo "2100"]
[EventDate "2006.08.05"]

1. d4 Nf6 2. c4 g6 3. Nc3 Bg7 4. e4 d6 5. f4 O-O 6. Nf3 c5 7. d5 e6 8. Be2
exd5 9. cxd5 Bg4 10. O-O Nbd7 11. Re1 Re8 12. Bf1 Qa5 13. Bd2 a6 14. Kh1
Qc7 15. a4 b6 16. Bc4 Qb7 17. h3 Bxf3 18. Qxf3 Qc7 19. Rad1 Qd8 20. Be3 Qe7
21. Bg1 Qd8 22. Bh2 Re7 23. e5 Ne8 24. Bg3 Ra7 25. Bh4 f6 26. e6 Nf8 27. f5
g5 28. Bg3 h6 29. Qf1 a5 30. Ne4 Nh7 31. Bb5 Bf8 32. Qf3 Ra8 33. Qh5 Raa7
34. Bxe8 Rxe8 35. Bxd6 1-0

[Event "HZ Open"]
[Site "Vlissingen NED"]
[Date "2006.08.06"]
[Round "2"]
[White "Michiels,B"]
[Black "Slings,S"]
[Result "1-0"]
[WhiteElo "2455"]
[BlackElo "2090"]
[EventDate "2006.08.05"]

1. e4 c5 2. Nf3 e6 3. d4 cxd4 4. Nxd4 a6 5. c4 Nf6 6. Nc3 Bb4 7. Bd3 Nc6 8.
Nc2 Bxc3+ 9. bxc3 d5 10. exd5 exd5 11. Qe2+ Qe7 12. Qxe7+ Nxe7 13. cxd5
Nexd5 14. c4 Nc7 15. Rb1 O-O 16. Ne3 b5 17. O-O Be6 18. a3 bxc4 19. Nxc4
Nfd5 20. Nb6 Ra7 21. Bd2 Rd8 22. Nxd5 Nxd5 23. Ba5 Re8 24. Rfc1 h6 25. Rc6
Kf8 26. h3 Ke7 27. Be4 f5 28. Bf3 Bg8 29. Re1+ 1-0

[Event "HZ Open"]
[Site "Vlissingen NED"]
[Date "2006.08.06"]
[Round "2"]
[White "Serdijn,G"]
[Black "Barua,D"]
[Result "0-1"]
[WhiteElo "2098"]
[BlackElo "2453"]
[EventDate "2006.08.05"]

1. b4 e5 2. a3 a5 3. b5 d5 4. Bb2 Bd6 5. e3 Nf6 6. Nf3 Nbd7 7. c4 e4 8. Nd4
dxc4 9. Bxc4 Ne5 10. Qe2 O-O 11. h3 Nxc4 12. Qxc4 Re8 13. Nc3 Nd7 14. Qe2
Nc5 15. O-O Nd3 16. Rab1 Nxb2 17. Rxb2 Bxa3 18. Rc2 Bc5 19. Qc4 Bxd4 20.
exd4 Bf5 21. Rb2 Qd6 22. Qd5 Qg6 23. Ne2 Bxh3 24. Nf4 Qf5 25. Qxf5 Bxf5 26.
Rc1 Rac8 27. Rc5 Bd7 28. Nd5 b6 29. Rxc7 Rxc7 30. Nxc7 Rb8 31. Nd5 Kf8 32.
Nc3 f5 33. Kf1 Ke7 34. Ke2 Kd6 35. d3 exd3+ 36. Kxd3 Be6 37. f3 h5 38. Rb1
h4 39. Rh1 Rh8 40. f4 Bd5 41. Rh2 Rh6 42. Nd1 Be4+ 43. Kc3 Rh8 44. Ne3 Rc8+
45. Kd2 a4 46. Rh1 h3 47. Rxh3 a3 48. Rh1 a2 49. Ra1 Bb1 50. g3 g6 51. Kd1
Rc3 52. Ke2 Rb3 0-1

[Event "HZ Open"]
[Site "Vlissingen NED"]
[Date "2006.08.06"]
[Round "2"]
[White "Garbisu de Goni,U"]
[Black "Meulblok,W"]
[Result "1-0"]
[WhiteElo "2444"]
[BlackElo "2081"]
[EventDate "2006.08.05"]

1. e4 c5 2. Nf3 e6 3. d4 cxd4 4. Nxd4 a6 5. Nc3 Qc7 6. f4 d6 7. Be3 Nd7 8.
Bd3 b6 9. O-O Ne7 10. Bxa6 Bxa6 11. Ndb5 Qc6 12. Nxd6+ Kd8 13. Nxf7+ Ke8
14. Nd6+ Kd8 15. Nf7+ Ke8 16. Nxh8 Bxf1 17. Qh5+ g6 18. Qxh7 Bxg2 19. Kxg2
Nf5 20. Bf2 1-0

[Event "HZ Open"]
[Site "Vlissingen NED"]
[Date "2006.08.06"]
[Round "2"]
[White "Rens,C"]
[Black "Pedersen,Stef"]
[Result "0-1"]
[WhiteElo "2083"]
[BlackElo "2436"]
[EventDate "2006.08.05"]

1. e4 c6 2. d4 d5 3. Nc3 dxe4 4. Nxe4 Nd7 5. c3 Ngf6 6. Bd3 Nxe4 7. Bxe4
Nf6 8. Bc2 Bg4 9. Ne2 e6 10. Bg5 Qd5 11. Qd2 Qxg2 12. Rg1 Qxh2 13. O-O-O
Qxf2 14. Nf4 Qxd2+ 15. Rxd2 h5 16. d5 Nxd5 17. Nxd5 exd5 18. Rxd5 Be6 19.
Re1 Be7 20. Rde5 Bxg5+ 21. Rxg5 Kf8 22. b3 h4 23. Reg1 h3 0-1

[Event "HZ Open"]
[Site "Vlissingen NED"]
[Date "2006.08.06"]
[Round "2"]
[White "Van Rij,G"]
[Black "Roeder,M"]
[Result "0-1"]
[WhiteElo "2079"]
[BlackElo "2423"]
[EventDate "2006.08.05"]

1. c4 Nf6 2. Nc3 c5 3. Nf3 e6 4. d4 cxd4 5. Nxd4 Nc6 6. g3 Qb6 7. Nb3 Ne5
8. Nd2 Bc5 9. Nde4 Nxe4 10. Nxe4 Bb4+ 11. Nc3 Qc6 12. Rg1 Nxc4 13. Qd4 e5
14. Qd3 d5 15. Bg2 Be6 16. Kf1 Rd8 17. e4 Bxc3 18. Qxc3 d4 19. Qb4 a5 20.
Qe1 Qb5 21. Qe2 d3 0-1

[Event "HZ Open"]
[Site "Vlissingen NED"]
[Date "2006.08.06"]
[Round "2"]
[White "Klenburg,M"]
[Black "Oud,N"]
[Result "1-0"]
[WhiteElo "2403"]
[BlackElo "2066"]
[EventDate "2006.08.05"]

1. e4 c5 2. d3 d6 3. g3 Nc6 4. Bg2 Nf6 5. f4 Bg4 6. Qd2 g6 7. h3 Bd7 8. Nf3
Bg7 9. O-O Qb6 10. Kh2 O-O-O 11. Na3 h5 12. Nc4 Qc7 13. Ng5 Rdf8 14. c3 h4
15. g4 Bh6 16. Kg1 e5 17. Qf2 b5 18. Na3 b4 19. Nc4 Ne8 20. fxe5 Nxe5 21.
Nxe5 dxe5 22. cxb4 cxb4 23. Be3 Kb8 24. Qd2 Bxg5 25. Bxg5 Qd6 26. Rac1 Bb5
27. Rfd1 Nc7 28. d4 exd4 29. Bf4 1-0

[Event "HZ Open"]
[Site "Vlissingen NED"]
[Date "2006.08.06"]
[Round "2"]
[White "Monje Peinado,R"]
[Black "Leenhouts,K"]
[Result "0-1"]
[WhiteElo "2066"]
[BlackElo "2395"]
[EventDate "2006.08.05"]

1. d4 Nf6 2. c4 e6 3. g3 c5 4. Nf3 cxd4 5. Nxd4 Qc7 6. Nd2 Nc6 7. N2f3 Nxd4
8. Qxd4 Bc5 9. Qd3 e5 10. Nd2 Qc6 11. f3 O-O 12. e4 d6 13. Nb3 Bb6 14. Be3
Be6 15. Nd2 Nd7 16. Rc1 f5 17. Bh3 Nc5 18. Bxc5 dxc5 19. Bxf5 Bxf5 20. exf5
Rad8 21. Qe2 Ba5 22. Rd1 Rxd2 23. Rxd2 Rd8 0-1

[Event "HZ Open"]
[Site "Vlissingen NED"]
[Date "2006.08.06"]
[Round "2"]
[White "Roy Chowdhury,S"]
[Black "Arp,F"]
[Result "1-0"]
[WhiteElo "2394"]
[BlackElo "2054"]
[EventDate "2006.08.05"]

1. e4 e5 2. Nf3 Nc6 3. Bc4 Nf6 4. d3 Be7 5. O-O O-O 6. Bb3 d6 7. c3 Bg4 8.
h3 Bh5 9. Nbd2 a5 10. a4 Qd7 11. Re1 d5 12. Qe2 Ra6 13. Nf1 Rb6 14. Ba2 Rd8
15. Bb1 d4 16. Ng3 Bg6 17. Nh4 Bf8 18. Bg5 Ne7 19. Nf3 Nc6 20. Bxf6 gxf6
21. h4 Qg4 22. Ba2 h5 23. Bc4 Bh6 24. Qc2 Bf4 25. Ne2 Kh8 26. Kf1 Rg8 27.
Neg1 f5 28. g3 fxe4 29. dxe4 Bh6 30. Rad1 Qd7 31. Bb5 Qe7 32. Qe2 dxc3 33.
bxc3 Nd8 34. Bd7 f6 35. Bf5 Bf7 36. Rd7 Qc5 37. Red1 Rd6 38. R1xd6 cxd6 39.
Kg2 Qc6 40. Qd1 d5 41. exd5 Qxc3 42. Ng5 1-0

[Event "HZ Open"]
[Site "Vlissingen NED"]
[Date "2006.08.06"]
[Round "2"]
[White "Van Riemsdijk,H"]
[Black "Westerweele,H"]
[Result "1-0"]
[WhiteElo "2376"]
[BlackElo "2035"]
[EventDate "2006.08.05"]

1. e4 e6 2. d4 d5 3. Nc3 Bb4 4. e5 c5 5. a3 cxd4 6. axb4 dxc3 7. Nf3 Qc7 8.
bxc3 Ne7 9. Bd3 Ng6 10. O-O Nc6 11. Re1 Bd7 12. b5 Nce7 13. h4 f6 14. Qe2
O-O 15. h5 Nxe5 16. Nxe5 fxe5 17. Qxe5 Qxe5 18. Rxe5 a6 19. Bg5 Rfe8 20.
Bxe7 Rxe7 21. bxa6 bxa6 22. Rxa6 Rxa6 23. Bxa6 Kf7 24. Bd3 Kf6 25. f4 h6
26. Kf2 Re8 27. Ke3 Ra8 28. c4 Bc6 29. cxd5 Bxd5 30. g3 Ra4 31. Kd2 Rb4 32.
c4 Bxc4 33. Kc3 Bxd3 34. Kxb4 Bf5 35. Kc5 g6 36. hxg6 Kxg6 37. Kd6 Kf6 38.
Ra5 h5 39. Ra8 Bg6 40. Rf8+ Kg7 41. Ke7 Bd3 42. Rf7+ Kg8 43. Kf6 1-0

[Event "HZ Open"]
[Site "Vlissingen NED"]
[Date "2006.08.06"]
[Round "2"]
[White "Roessler,W"]
[Black "Saptarshi,R"]
[Result "0-1"]
[WhiteElo "2045"]
[BlackElo "2373"]
[EventDate "2006.08.05"]

1. e4 d5 2. exd5 Qxd5 3. Nc3 Qa5 4. d4 Nf6 5. Nf3 c6 6. Bc4 Bf5 7. Bd2 Qc7
8. Ne5 e6 9. g4 Bg6 10. h4 Nbd7 11. Nxg6 hxg6 12. Qe2 O-O-O 13. O-O-O Nb6
14. Bg5 Bd6 15. Kb1 Nxc4 16. Qxc4 Bf4 17. Bxf6 gxf6 18. Ne2 Bd6 19. Rd3 Qa5
20. f4 f5 21. Nc3 fxg4 22. d5 Qb4 23. Qxb4 Bxb4 24. dxc6 bxc6 25. Ne4 Rxd3
26. cxd3 f5 27. Ng5 Be7 28. Nxe6 Rxh4 29. Rc1 Kd7 30. Nd4 c5 31. Ne2 Rh2
0-1

[Event "HZ Open"]
[Site "Vlissingen NED"]
[Date "2006.08.06"]
[Round "2"]
[White "Roktim,B"]
[Black "Zilverberg,J"]
[Result "1-0"]
[WhiteElo "2365"]
[BlackElo "2031"]
[EventDate "2006.08.05"]

1. d4 Nf6 2. Nf3 g6 3. c4 c5 4. d5 b5 5. cxb5 a6 6. bxa6 Bxa6 7. Nc3 d6 8.
g3 Bg7 9. Bg2 Nbd7 10. Rb1 Nb6 11. b3 Ra7 12. O-O Qa8 13. Nh4 O-O 14. a4
Ne8 15. Bb2 Nc7 16. Qd2 Rb8 17. Rfd1 Bc8 18. Qe3 Bf6 19. Ne4 Bxb2 20. Rxb2
Nbxd5 21. Qh6 Bb7 22. Rbd2 Bc6 23. Rxd5 Nxd5 24. Rxd5 Bxd5 25. Ng5 e5 26.
Nxh7 1-0

[Event "HZ Open"]
[Site "Vlissingen NED"]
[Date "2006.08.06"]
[Round "2"]
[White "Koster,A"]
[Black "Grooten,H"]
[Result "0-1"]
[WhiteElo "2041"]
[BlackElo "2362"]
[EventDate "2006.08.05"]

1. e4 c5 2. c3 b6 3. d4 Bb7 4. d5 Nf6 5. Nd2 e6 6. c4 Qc7 7. Ngf3 Bd6 8.
Bd3 O-O 9. O-O b5 10. dxe6 fxe6 11. cxb5 Bf4 12. Qe2 d5 13. exd5 exd5 14.
Qe6+ Kh8 15. g3 Bc8 16. Qe2 Bd6 17. Re1 Bg4 18. Qf1 c4 19. Be2 Bc5 20. Ng5
Nbd7 21. Ndf3 h6 22. Bf4 Qb6 23. Nh4 hxg5 24. Ng6+ Kg8 25. Nxf8 Rxf8 26.
Bxg5 Ne5 27. h3 Ne4 28. Bxg4 Rxf2 29. Bf4 Rxf4+ 0-1

[Event "HZ Open"]
[Site "Vlissingen NED"]
[Date "2006.08.06"]
[Round "2"]
[White "Swinkels,J"]
[Black "Bezemer,A"]
[Result "0-1"]
[WhiteElo "2034"]
[BlackElo "2346"]
[EventDate "2006.08.05"]

1. e4 c5 2. Nf3 d6 3. d4 cxd4 4. Nxd4 Nf6 5. Nc3 a6 6. Be3 e5 7. Nb3 Be6 8.
f3 Nbd7 9. Qd2 Be7 10. O-O-O O-O 11. g4 b5 12. g5 Nh5 13. Rg1 Qc7 14. Nd5
Bxd5 15. exd5 Nb6 16. Kb1 g6 17. Qf2 Bd8 18. f4 f6 19. gxf6 Nxf4 20. Bxf4
Rxf6 21. Rg4 Qf7 22. Bh3 Rxf4 23. Rxf4 Qxf4 24. Be6+ Kg7 25. Qg1 Qg5 26.
Qf2 Qf4 27. Qg1 Nc4 28. Rf1 Qe3 29. Rf7+ Kh6 30. Qd1 Bb6 31. Rf3 Qg1 32.
Rf1 Qg2 33. Qe1 Qg5 34. Rf3 Qg1 35. Rf1 Qg5 36. Rf3 Ra7 37. h4 Qg1 38. Rf1
Qe3 39. Qd1 a5 40. Rf3 Qg1 41. Rf1 Qg2 42. Rh1 a4 43. h5 g5 44. Bh3 Qg3 45.
Nc1 Rf7 46. Ka1 a3 47. Ne2 axb2+ 48. Kb1 Qe3 49. Be6 Rf2 50. Re1 Ba5 51. c3
Na3+ 0-1

[Event "HZ Open"]
[Site "Vlissingen NED"]
[Date "2006.08.06"]
[Round "2"]
[White "Ziska,H"]
[Black "Kruijf,C"]
[Result "1-0"]
[WhiteElo "2333"]
[BlackElo "2010"]
[EventDate "2006.08.05"]

1. e4 e5 2. Nc3 Nf6 3. Bc4 Nxe4 4. Qh5 Nd6 5. Bb3 Be7 6. Nf3 Nc6 7. Nxe5
O-O 8. Nd5 Nd4 9. O-O Nxb3 10. axb3 Ne8 11. Re1 Nf6 12. Nxe7+ Qxe7 13. Qh4
Re8 14. h3 Qc5 15. Nd3 Rxe1+ 16. Nxe1 d6 17. d3 Bd7 18. Be3 Qf5 19. Nf3 a6
20. Bd4 Bc6 21. Nd2 Re8 22. Bxf6 gxf6 23. Qg4+ Qg6 24. Nc4 Qxg4 25. hxg4
Bd7 26. Ne3 Kg7 27. Kh2 Re5 28. Kg3 h5 29. gxh5 Rxh5 30. d4 Bc6 31. f3 Kg6
32. Re1 Rh8 33. Kf2 Re8 34. Rh1 f5 35. Rh4 Rg8 36. c3 Re8 37. g3 a5 38. Ng2
b6 39. Nf4+ Kg7 40. Rh5 Kf6 41. Ng2 Kg6 42. Rh1 Ra8 43. Re1 Kf6 44. Nf4 Rh8
45. Kg2 Rh7 46. c4 Rh8 47. Re3 Ra8 48. Re1 Rh8 49. Re2 Ra8 50. Re3 Rh8 51.
Re1 Rh7 52. b4 axb4 53. Ra1 Rh8 54. Ra7 Rc8 55. Nd3 b3 56. Nb4 Ba8 57. Na6
Bc6 58. Nxc7 Rd8 59. Na6 Re8 60. Kf2 Rh8 61. Nb4 Ba8 62. Nd3 Rh2+ 63. Ke3
Rh8 64. d5 Re8+ 65. Kd4 Kg6 66. Ra3 Kf6 67. Rxb3 Rb8 68. Rb5 Rb7 69. Rb3
Kg6 70. Ra3 Rb8 71. Ra7 Bb7 72. b4 Kf6 73. Nf4 Ba8 74. Ne2 Re8 75. Nc3 Rb8
76. Nb5 1-0